000 00765nam a2200241 a 4500
001 73544
003 BD-RjUL
005 20211209082417.0
008 170603s1951 us a 001 0 eng d
035 _a(BD-RjUL)73762
040 _aBD-RjUL
_beng
_cBD-RjUL
041 _aeng
082 _223
_a621.384
_bPRO 1951
245 0 0 _aPropagation of short radio waves /
_cedited by Donald E. Kerr
260 _aNew York :
_bMcGraw-Hill,
_cc1951
300 _axvii, 728 p :
_bill. ;
_c24 cm.
490 1 _aRadiation Laboratory series / Massachusetts Institute of Technology ;
_v13
500 _aPlates in end pocket
650 0 _aRadio
_9217612
650 0 _aShortwave radio
_xTransmitters and transmission
_9217613
700 1 _aKerr, Donald E.
_9217614
942 _2ddc
_cBK
999 _c73544
_d73544